Logo BPK

Biblioteka

Politechniki Koszalińskiej

Kritsche Betrachtungen über Bernard Shaw : (Rekord nr 50388)

Szczegóły MARC
000 -ETYKIETA REKORDU
podpole kontrolne o stałej długości 00543nam a2200169 i 4500
001 - NUMER KONTROLNY REKORDU
pole kontrolne bgj
040 ## - ŹRÓDŁO KATALOGOWANIA
Instytucja, która utworzyła rekord BPK
041 0# - KOD JĘZYKA
Kod języka tekstu ger
008 - POLE O STAŁEJ DŁUGOŚCI - DANE KONTROLNE
podpole kontrolne o stałej długości s gw f |000 0 ger
100 1# - NAZWA OSOBOWA
Nazwa osobowa ARNS, Margarete.
245 10 - TYTUŁ/ODPOWIEDZIALNOŚĆ
Tytuł Kritsche Betrachtungen über Bernard Shaw :
Ciąg dalszy tytułu Ein Wagnerbriever, Kommentar zum Ring des Nibelungen /
Pozostałe elementy strefy tytułu i oznaczenia odpowiedzialności Dr. Margaret Arns.
260 ## - STREFA ADRESU WYDAWNICZEGO
Miejsce wydania Würzburg-Aumühle :
Nazwa wydawcy/dystrybutora Konrad Triltsch Verlag,
Data publikacji, dystrybucji/powstania dokumentu 1939.
300 ## - STREFA OPISU FIZYCZNEGO
Objętość XIV, 117 S. ;
Rozmiary 21 cm.
504 ## - UWAGA DOTYCZĄCA BIBLIOGRAFII
Informacje o bibliografii Bibliographie S.115-117.
650 #9 - HASŁO PRZEDMIOTOWE W FORMIE NAZWY OGÓLNEJ LUB JEDNOSTKOWEJ
Nazwa ogólna lub geograficzna Deutsche Literatur
Określnik ogólny Kritik
856 ## - LOKALIZACJA I DOSTĘP DO ELEKTRONICZNYCH DOKUMENTÓW ZDALNYCH
Link (URL) http://koha.tu.koszalin.pl/cgi-bin/koha/opac-detail.pl?biblionumber=50388
Tekst linku Katalog online BPK
942 ## - DODATKOWE ELEMENTY (KOHA)
Typ dokumentu Książka
Egzemplarze
Wycofany Status egzemplarza Uszkodzony Dostępność Lokalizacja stała Lokalizacja bieżąca Miejsce przechowywania Sygnatura Kod kreskowy Typ dokumentu
      Tylko na miejscu Biblioteka Politechniki Koszalińskiej Biblioteka Politechniki Koszalińskiej Czytelnia Wydziałowa ul. Kwiatkowskiego 6e N 296 01580570 Książka
© 2023 Biblioteka Politechniki Koszalińskiej :: KOHA